000
00307nam a22001337a 4500
008
181029b xxu||||| |||| 00| 0 eng d
020
_a
9780816021499
041
_a
eng
080
_a
038
100
_a
23
101
_a
ENC
245
_a
The Illustrated Encyclopedia of Fossils
_c
Pinna, G
942
_2
udc
_c
BK
999
_c
51045
_d
51045